00352cam a2200121 a 4500020001500000040000800015082002600023100002400049245004900073250001200122260006200134300003400196 a0673469298 cDLC00a320 HAR 1995 A076 Or.1 aTannahill, Neal R.,10aAmerican government :bpolicy and politics / a4th ed. aNew York, NY :bHarperCollins College Publishers,cc1995. axix, 553 p. :bill. ;c23 cm.